000 00373 a2200157 4500
999 _c320978
_d320978
001 85905
003 NUST
005 20180121175039.0
008 180121b xxu||||| |||| 00| 0 eng d
020 _a9780316728676
082 _a973.931 CAR
100 _aGraydon Carter
_99381
245 _aWhat we've lost
_hEnglish
250 _a1st
260 _aUK
_bLittle Brown
_c2004
300 _ax, 340 p
500 _aGifted By AM Masood Akhtar
942 _acaenust
_cBK
_k973.931 CAR
_2ddc